000 00373cam a22001337a 4500
008 180718b1977 xxu||||| |||| 00| 0 eng d
082 _aB235 M369se
100 _aMarx, Karl
245 _aSelected writings
_cby Karl Marx; edited by David McLellan
260 _aOxford
_bOxford University Press
_c1977
300 _a625p.
650 _aCommunism.
700 _aMcLellan, David
999 _c350135
_d350135